000
00298nam a2200121Ia 4500
008
240624s9999 xx 000 0 und d
041
_a
eng
082
_a
658.4092 KRI
100
_a
KRISHNAMURTHY J
245
_a
TOWARDS DISCIPLESHIP 1926
260
_c
1926
_a
Chicago
_b
Hesperides Press
365
_c
RS
999
_c
15942
_d
15942